[Event "Masters Tournament (MTO)"]
[Site "Biel, CH"]
[Date "2025.07.16"]
[Round "3"]
[White "Karthikeyan, Murali"]
[Black "Adewumi, Tanitoluwa"]
[Result "1-0"]
[Board "1"]
[WhiteFideId "5074452"]
[BlackFideId "30966396"]
[WhiteTitle "GM"]
[BlackTitle "FM"]
[WhiteElo "2650"]
[BlackElo "2397"]
[WhiteTeam "IND"]
[BlackTeam "USA"]
[WhiteClock "0:06:13"]
[BlackClock "0:02:05"]
[Variant "Standard"]

1. d4 {[%clk 1:40:34]}  Nf6 {[%clk 1:40:52]} 2. c4 {[%clk 1:40:38]}  e6 {[%clk 1:41:00]} 3. Nf3 {[%clk 1:40:51]}  b6 {[%clk 1:41:11]} 4. g3 {[%clk 1:41:08]}  Bb4+ {[%clk 1:41:03]} 5. Nbd2 {[%clk 1:40:19]}  Ba6 {[%clk 1:36:24]} 6. Qc2 {[%clk 1:40:10]}  c5 {[%clk 1:30:21]} 7. Bg2 {[%clk 1:35:06]}  Nc6 {[%clk 1:30:16]} 8. dxc5 {[%clk 1:30:19]}  Bxc5 {[%clk 1:24:03]} 9. a3 {[%clk 1:23:26]}  Be7 {[%clk 1:22:36]} 10. O-O {[%clk 1:29:40]}  b5 {[%clk 1:11:01]} 11. c5 {[%clk 1:21:17]}  b4 {[%clk 1:05:29]} 12. Nb3 {[%clk 1:13:22]}  bxa3 {[%clk 0:55:09]} 13. Rxa3 {[%clk 1:05:56]}  Bb7 {[%clk 0:34:14]} 14. Ne5 {[%clk 1:01:41]}  Qc8 {[%clk 0:49:52]} 15. Nd3 {[%clk 1:00:13]}  O-O {[%clk 0:47:30]} 16. Bd2 {[%clk 0:48:16]}  Nd5 {[%clk 0:26:43]} 17. Rc1 {[%clk 0:41:13]}  Rb8 {[%clk 0:30:28]} 18. Qc4 {[%clk 0:39:44]}  Kh8 {[%clk 0:27:03]} 19. h4 {[%clk 0:36:32]}  f5 {[%clk 0:21:34]} 20. h5 {[%clk 0:33:47]}  Nf6 {[%clk 0:21:23]} 21. h6 {[%clk 0:33:21]}  gxh6 {[%clk 0:19:41]} 22. Bxh6 {[%clk 0:33:29]}  Rg8 {[%clk 0:20:05]} 23. Bf4 {[%clk 0:33:32]}  Ra8 {[%clk 0:20:12]} 24. Na5 {[%clk 0:23:28]}  Nxa5 {[%clk 0:18:07]} 25. Rxa5 {[%clk 0:25:52]}  Bxg2 {[%clk 0:16:55]} 26. Kxg2 {[%clk 0:25:36]}  h5 {[%clk 0:13:06]} 27. Rh1 {[%clk 0:17:38]}  Kh7 {[%clk 0:10:16]} 28. b4 {[%clk 0:13:17]}  a6 {[%clk 0:13:52]} 29. f3 {[%clk 0:06:59]}  d6 {[%clk 0:09:24]} 30. Qc1 {[%clk 0:03:50]}  Bd8 {[%clk 0:06:55]} 31. Bg5 {[%clk 0:05:50]}  Bxa5 {[%clk 0:01:55]} 32. Bxf6 {[%clk 0:06:15]}  Kg6 {[%clk 0:01:59]} 33. Be7 {[%clk 0:06:00]}  Kf7 {[%clk 0:02:17]} 34. Bxd6 {[%clk 0:06:18]}  Bd8 {[%clk 0:02:16]} 35. Ne5+ {[%clk 0:06:18]}  Ke8 {[%clk 0:02:38]} 36. Qh6 {[%clk 0:06:38]}  Bg5 {[%clk 0:01:39]} 37. Qxh5+ {[%clk 0:06:51]}  Kd8 {[%clk 0:02:05]} 38. Qxg5+ {[%clk 0:06:13]} 1-0

[Event "Masters Tournament (MTO)"]
[Site "Biel, CH"]
[Date "2025.07.16"]
[Round "3"]
[White "Arfan, Aditya Bagus"]
[Black "Yilmaz, Mustafa"]
[Result "1/2-1/2"]
[Board "3"]
[WhiteFideId "7106041"]
[BlackFideId "6302718"]
[WhiteTitle "IM"]
[BlackTitle "GM"]
[WhiteElo "2385"]
[BlackElo "2586"]
[WhiteTeam "INA"]
[BlackTeam "TUR"]
[WhiteClock "0:01:50"]
[BlackClock "0:02:11"]
[Variant "Standard"]

1. Nf3 {[%clk 1:38:00]}  d5 {[%clk 1:40:54]} 2. c4 {[%clk 1:37:34]}  d4 {[%clk 1:40:12]} 3. b4 {[%clk 1:37:46]}  c5 {[%clk 1:40:22]} 4. e3 {[%clk 1:37:46]}  Nf6 {[%clk 1:40:03]} 5. a3 {[%clk 1:27:24]}  a5 {[%clk 1:25:43]} 6. exd4 {[%clk 1:08:31]}  axb4 {[%clk 1:14:15]} 7. Bb2 {[%clk 1:05:06]}  e6 {[%clk 1:11:20]} 8. dxc5 {[%clk 0:54:59]}  Bxc5 {[%clk 1:09:29]} 9. Be2 {[%clk 0:49:30]}  Nc6 {[%clk 0:55:43]} 10. d4 {[%clk 0:48:06]}  Be7 {[%clk 0:55:11]} 11. O-O {[%clk 0:48:11]}  O-O {[%clk 0:50:26]} 12. axb4 {[%clk 0:48:07]}  Rxa1 {[%clk 0:50:49]} 13. Bxa1 {[%clk 0:48:34]}  Bxb4 {[%clk 0:41:54]} 14. Nc3 {[%clk 0:47:55]}  Be7 {[%clk 0:37:43]} 15. Nb5 {[%clk 0:45:56]}  b6 {[%clk 0:36:11]} 16. Bd3 {[%clk 0:37:37]}  Bb7 {[%clk 0:33:49]} 17. Bc3 {[%clk 0:37:17]}  Nb4 {[%clk 0:28:44]} 18. Be2 {[%clk 0:34:33]}  Ne4 {[%clk 0:22:10]} 19. Bb2 {[%clk 0:31:27]}  Qa8 {[%clk 0:21:09]} 20. Qb3 {[%clk 0:29:49]}  Qa2 {[%clk 0:18:04]} 21. Qxa2 {[%clk 0:27:50]}  Nxa2 {[%clk 0:18:32]} 22. Ne5 {[%clk 0:24:21]}  Ra8 {[%clk 0:16:30]} 23. Bf3 {[%clk 0:17:34]}  f6 {[%clk 0:07:16]} 24. Re1 {[%clk 0:03:48]}  fxe5 {[%clk 0:06:26]} 25. Bxe4 {[%clk 0:04:13]}  Bxe4 {[%clk 0:06:52]} 26. Rxe4 {[%clk 0:04:39]}  Nb4 {[%clk 0:06:21]} 27. dxe5 {[%clk 0:01:39]}  Bc5 {[%clk 0:06:02]} 28. h3 {[%clk 0:01:57]}  Bxf2+ {[%clk 0:04:38]} 29. Kxf2 {[%clk 0:02:25]}  Nd3+ {[%clk 0:04:53]} 30. Ke2 {[%clk 0:00:46]}  Nxb2 {[%clk 0:05:19]} 31. Nc7 {[%clk 0:01:12]}  Ra5 {[%clk 0:02:09]} 32. Nxe6 {[%clk 0:00:59]}  Nxc4 {[%clk 0:02:36]} 33. Nxg7 {[%clk 0:00:51]}  Ra2+ {[%clk 0:01:47]} 34. Kd3 {[%clk 0:00:35]}  Nxe5+ {[%clk 0:00:44]} 35. Rxe5 {[%clk 0:00:59]}  Kxg7 {[%clk 0:01:11]} 36. Rb5 {[%clk 0:00:43]}  Rxg2 {[%clk 0:01:28]} 37. Rxb6 {[%clk 0:01:09]}  Rg3+ {[%clk 0:01:49]} 38. Ke2 {[%clk 0:01:22]}  Rxh3 {[%clk 0:02:11]} 39. Kf2 {[%clk 0:01:50]} 1/2-1/2

[Event "Masters Tournament (MTO)"]
[Site "Biel, CH"]
[Date "2025.07.16"]
[Round "3"]
[White "Pranav Anand"]
[Black "Latorre, Vincent"]
[Result "1-0"]
[Board "4"]
[WhiteFideId "46626786"]
[BlackFideId "2636891"]
[WhiteTitle "GM"]
[BlackTitle "FM"]
[WhiteElo "2566"]
[BlackElo "2326"]
[WhiteTeam "IND"]
[BlackTeam "CAN"]
[WhiteClock "0:11:13"]
[BlackClock "0:00:58"]
[Variant "Standard"]

1. e4 {[%clk 1:39:36]}  e5 {[%clk 1:40:25]} 2. Nf3 {[%clk 1:40:00]}  Nc6 {[%clk 1:40:47]} 3. Bb5 {[%clk 1:40:24]}  a6 {[%clk 1:41:03]} 4. Ba4 {[%clk 1:40:48]}  Nf6 {[%clk 1:41:06]} 5. O-O {[%clk 1:41:10]}  Bc5 {[%clk 1:41:10]} 6. c3 {[%clk 1:40:39]}  O-O {[%clk 1:41:05]} 7. d4 {[%clk 1:41:05]}  Ba7 {[%clk 1:41:22]} 8. Bg5 {[%clk 1:41:30]}  h6 {[%clk 1:40:07]} 9. Bh4 {[%clk 1:41:36]}  exd4 {[%clk 1:33:32]} 10. Re1 {[%clk 1:33:53]}  d6 {[%clk 1:29:03]} 11. Bxc6 {[%clk 1:31:55]}  bxc6 {[%clk 1:20:17]} 12. Nxd4 {[%clk 1:22:42]}  Bd7 {[%clk 1:16:46]} 13. Nd2 {[%clk 1:22:27]}  Rb8 {[%clk 1:10:00]} 14. b3 {[%clk 1:21:49]}  Re8 {[%clk 0:48:08]} 15. h3 {[%clk 1:20:35]}  Bxd4 {[%clk 0:42:07]} 16. cxd4 {[%clk 1:20:07]}  g5 {[%clk 0:24:14]} 17. Bg3 {[%clk 1:20:18]}  Nh7 {[%clk 0:24:27]} 18. Qc2 {[%clk 1:10:10]}  f5 {[%clk 0:22:22]} 19. f3 {[%clk 1:07:05]}  Qf6 {[%clk 0:18:50]} 20. e5 {[%clk 1:05:28]}  Qg7 {[%clk 0:18:43]} 21. Qc4+ {[%clk 0:59:54]}  d5 {[%clk 0:19:00]} 22. Qxa6 {[%clk 1:00:20]}  f4 {[%clk 0:19:01]} 23. Bf2 {[%clk 1:00:30]}  Re6 {[%clk 0:15:30]} 24. Qa7 {[%clk 0:55:13]}  Rc8 {[%clk 0:15:18]} 25. Kf1 {[%clk 0:53:47]}  h5 {[%clk 0:14:45]} 26. Ke2 {[%clk 0:50:29]}  g4 {[%clk 0:14:56]} 27. hxg4 {[%clk 0:50:19]}  hxg4 {[%clk 0:15:20]} 28. Kd1 {[%clk 0:49:34]}  g3 {[%clk 0:14:36]} 29. Bg1 {[%clk 0:49:56]}  Nf8 {[%clk 0:13:45]} 30. Kc1 {[%clk 0:38:43]}  Ng6 {[%clk 0:13:35]} 31. Kb2 {[%clk 0:38:34]}  Nh4 {[%clk 0:12:57]} 32. Re2 {[%clk 0:38:59]}  Qh7 {[%clk 0:09:30]} 33. Rae1 {[%clk 0:37:46]}  Be8 {[%clk 0:07:36]} 34. Nb1 {[%clk 0:36:28]}  Bh5 {[%clk 0:07:26]} 35. Qa6 {[%clk 0:33:20]}  Rf8 {[%clk 0:01:20]} 36. Rf1 {[%clk 0:25:05]}  Bg6 {[%clk 0:05:07]} 37. Rd1 {[%clk 0:24:58]}  Qh5 {[%clk 0:04:29]} 38. Nc3 {[%clk 0:24:17]}  Nxg2 {[%clk 0:04:10]} 39. Rxg2 {[%clk 0:24:15]}  Qxf3 {[%clk 0:04:33]} 40. Qe2 {[%clk 0:13:13]}  Bh5 {[%clk 0:30:00]} 41. Rf1 {[%clk 0:12:28]}  Qg4 {[%clk 0:08:04]} 42. Qxg4+ {[%clk 0:24:04]}  Bxg4 {[%clk 0:02:31]} 43. Rxf4 {[%clk 0:17:41]}  Rxf4 {[%clk 0:28:09]} 44. Rxg3 {[%clk 0:18:11]}  Kf7 {[%clk 0:24:47]} 45. a4 {[%clk 0:11:37]}  Bf3 {[%clk 0:14:09]} 46. Be3 {[%clk 0:17:48]}  Rf5 {[%clk 0:14:30]} 47. Ka3 {[%clk 0:17:18]}  c5 {[%clk 0:13:24]} 48. dxc5 {[%clk 0:16:00]}  Rexe5 {[%clk 0:13:45]} 49. Bd4 {[%clk 0:15:31]}  Re7 {[%clk 0:13:51]} 50. Nb5 {[%clk 0:15:28]}  Be2 {[%clk 0:10:00]} 51. Nxc7 {[%clk 0:10:57]}  Re4 {[%clk 0:06:34]} 52. Rg7+ {[%clk 0:13:59]}  Kf8 {[%clk 0:06:55]} 53. Rd7 {[%clk 0:11:58]}  Rg5 {[%clk 0:02:57]} 54. c6 {[%clk 0:11:10]}  Rg3 {[%clk 0:02:07]} 55. Bc5+ {[%clk 0:11:00]}  Kg8 {[%clk 0:02:28]} 56. Nxd5 {[%clk 0:11:21]}  Rf3 {[%clk 0:00:33]} 57. c7 {[%clk 0:10:54]}  Ba6 {[%clk 0:00:58]} 58. Rd6 {[%clk 0:11:13]} 1-0

[Event "Masters Tournament (MTO)"]
[Site "Biel, CH"]
[Date "2025.07.16"]
[Round "3"]
[White "Song, Ethan"]
[Black "Karthik Venkataraman"]
[Result "1/2-1/2"]
[Board "5"]
[WhiteFideId "62900412"]
[BlackFideId "25006479"]
[WhiteTitle "FM"]
[BlackTitle "GM"]
[WhiteElo "2288"]
[BlackElo "2540"]
[WhiteTeam "CAN"]
[BlackTeam "IND"]
[WhiteClock "0:16:22"]
[BlackClock "0:13:44"]
[Variant "Standard"]

1. e4 {[%clk 1:40:48]}  c5 {[%clk 1:40:49]} 2. Nf3 {[%clk 1:41:14]}  d6 {[%clk 1:41:11]} 3. Bb5+ {[%clk 1:41:40]}  Nd7 {[%clk 1:41:33]} 4. O-O {[%clk 1:41:25]}  a6 {[%clk 1:41:58]} 5. Bxd7+ {[%clk 1:41:15]}  Qxd7 {[%clk 1:41:24]} 6. Nc3 {[%clk 1:36:03]}  Nf6 {[%clk 1:37:24]} 7. d4 {[%clk 1:34:45]}  cxd4 {[%clk 1:37:22]} 8. Nd5 {[%clk 1:00:34]}  Qd8 {[%clk 1:03:47]} 9. Qxd4 {[%clk 1:23:28]}  e5 {[%clk 1:02:26]} 10. Nxf6+ {[%clk 1:21:42]}  Qxf6 {[%clk 1:04:02]} 11. Qd3 {[%clk 1:08:31]}  Qd8 {[%clk 0:58:32]} 12. Nd2 {[%clk 1:02:15]}  Be6 {[%clk 0:55:59]} 13. c4 {[%clk 0:59:13]}  Be7 {[%clk 0:55:02]} 14. Rd1 {[%clk 0:53:43]}  Qc7 {[%clk 0:52:41]} 15. b3 {[%clk 0:55:18]}  O-O {[%clk 0:49:27]} 16. Nf1 {[%clk 0:50:58]}  f5 {[%clk 0:50:42]} 17. exf5 {[%clk 0:47:07]}  Bxf5 {[%clk 0:50:41]} 18. Qd5+ {[%clk 0:45:32]}  Kh8 {[%clk 0:51:04]} 19. Ne3 {[%clk 0:42:43]}  Bg6 {[%clk 0:41:28]} 20. Ba3 {[%clk 0:34:42]}  Rad8 {[%clk 0:36:43]} 21. Qe6 {[%clk 0:28:19]}  Be4 {[%clk 0:32:59]} 22. Nd5 {[%clk 0:30:51]}  Bxd5 {[%clk 0:33:21]} 23. Qxd5 {[%clk 0:31:10]}  b5 {[%clk 0:33:46]} 24. cxb5 {[%clk 0:29:08]}  axb5 {[%clk 0:32:48]} 25. Bb4 {[%clk 0:28:30]}  Qb6 {[%clk 0:31:35]} 26. Be1 {[%clk 0:27:39]}  Rc8 {[%clk 0:23:41]} 27. Rac1 {[%clk 0:26:55]}  Qa6 {[%clk 0:23:50]} 28. Qe6 {[%clk 0:25:16]}  Rce8 {[%clk 0:19:12]} 29. Rc2 {[%clk 0:24:01]}  Qa7 {[%clk 0:17:58]} 30. Qd5 {[%clk 0:24:00]}  Rb8 {[%clk 0:18:27]} 31. Rdc1 {[%clk 0:22:55]}  Bg5 {[%clk 0:18:49]} 32. Ra1 {[%clk 0:18:57]}  Qa3 {[%clk 0:18:57]} 33. b4 {[%clk 0:18:24]}  Rb6 {[%clk 0:19:10]} 34. Rd1 {[%clk 0:17:24]}  Qa4 {[%clk 0:19:09]} 35. Rc7 {[%clk 0:16:01]}  h6 {[%clk 0:19:17]} 36. Rd7 {[%clk 0:13:33]}  Qc2 {[%clk 0:19:05]} 37. Qd3 {[%clk 0:08:42]}  Qxa2 {[%clk 0:16:09]} 38. Qg6 {[%clk 0:09:23]}  Bf6 {[%clk 0:16:38]} 39. R7xd6 {[%clk 0:08:56]}  Rxd6 {[%clk 0:14:21]} 40. Rxd6 {[%clk 0:09:19]}  Qe2 {[%clk 0:12:42]} 41. Qb1 {[%clk 0:06:25]}  Bh4 {[%clk 0:08:02]} 42. g3 {[%clk 0:05:41]}  Bg5 {[%clk 0:07:12]} 43. Qd1 {[%clk 0:05:23]}  Qe4 {[%clk 0:04:09]} 44. h4 {[%clk 0:30:00]}  Be7 {[%clk 0:35:09]} 45. Rd5 {[%clk 0:21:20]}  Bxb4 {[%clk 0:35:02]} 46. Bxb4 {[%clk 0:21:15]}  Qxb4 {[%clk 0:34:30]} 47. Rxe5 {[%clk 0:20:08]}  Qc4 {[%clk 0:31:18]} 48. Qf1 {[%clk 0:18:49]}  Qxf1+ {[%clk 0:31:11]} 49. Kxf1 {[%clk 0:26:00]}  Rb8 {[%clk 0:30:15]} 50. Ke2 {[%clk 0:24:51]}  b4 {[%clk 0:28:10]} 51. Kd1 {[%clk 0:23:04]}  b3 {[%clk 0:29:13]} 52. Kc1 {[%clk 0:23:30]}  Rc8+ {[%clk 0:27:28]} 53. Kb2 {[%clk 0:23:23]}  Rc2+ {[%clk 0:29:59]} 54. Kxb3 {[%clk 0:22:48]}  Rxf2 {[%clk 0:29:43]} 55. Re3 {[%clk 0:20:48]}  Kh7 {[%clk 0:27:45]} 56. h5 {[%clk 0:13:42]}  Kg8 {[%clk 0:24:39]} 57. Kc3 {[%clk 0:13:14]}  Kf7 {[%clk 0:21:46]} 58. Kd4 {[%clk 0:05:56]}  Kf6 {[%clk 0:20:23]} 59. Re4 {[%clk 0:04:35]}  Rf3 {[%clk 0:19:45]} 60. Rg4 {[%clk 0:02:38]}  Ra3 {[%clk 0:12:58]} 61. Rg6+ {[%clk 0:16:01]}  Kf7 {[%clk 0:13:22]} 62. g4 {[%clk 0:16:22]}  Ra4+ {[%clk 0:13:44]} 1/2-1/2

[Event "Masters Tournament (MTO)"]
[Site "Biel, CH"]
[Date "2025.07.16"]
[Round "3"]
[White "Sasikiran, Krishnan"]
[Black "Chen, Yuan"]
[Result "1/2-1/2"]
[Board "6"]
[WhiteFideId "5004985"]
[BlackFideId "8618860"]
[WhiteTitle "GM"]
[WhiteElo "2531"]
[BlackElo "2286"]
[WhiteTeam "IND"]
[BlackTeam "CHN"]
[WhiteClock "0:22:11"]
[BlackClock "0:22:56"]
[Variant "Standard"]

1. d4 {[%clk 1:40:56]}  d5 {[%clk 1:40:18]} 2. Nf3 {[%clk 1:40:10]}  e6 {[%clk 1:40:12]} 3. e3 {[%clk 1:34:23]}  c5 {[%clk 1:37:02]} 4. b3 {[%clk 1:32:05]}  Nf6 {[%clk 1:23:31]} 5. Bd3 {[%clk 1:27:11]}  Nbd7 {[%clk 1:12:34]} 6. Bb2 {[%clk 1:23:39]}  b6 {[%clk 1:11:22]} 7. O-O {[%clk 1:22:11]}  Bb7 {[%clk 1:11:41]} 8. c4 {[%clk 1:20:14]}  Be7 {[%clk 1:08:44]} 9. cxd5 {[%clk 1:12:15]}  exd5 {[%clk 1:04:25]} 10. Nc3 {[%clk 1:07:48]}  O-O {[%clk 1:00:57]} 11. Qe2 {[%clk 0:52:26]}  Bd6 {[%clk 0:56:35]} 12. Rfd1 {[%clk 0:58:57]}  Re8 {[%clk 0:55:05]} 13. Rac1 {[%clk 0:54:26]}  a6 {[%clk 0:53:50]} 14. Bf5 {[%clk 0:50:02]}  Bc6 {[%clk 0:39:56]} 15. Qc2 {[%clk 0:36:32]}  Rb8 {[%clk 0:32:48]} 16. Ne2 {[%clk 0:31:51]}  Bb7 {[%clk 0:26:29]} 17. a4 {[%clk 0:25:13]}  h6 {[%clk 0:14:29]} 18. Ng3 {[%clk 0:15:31]}  Nf8 {[%clk 0:19:41]} 19. Ba3 {[%clk 0:01:11]}  N8d7 {[%clk 0:17:20]} 20. a5 {[%clk 0:05:16]}  Bxg3 {[%clk 0:13:47]} 21. hxg3 {[%clk 0:05:05]}  cxd4 {[%clk 0:14:05]} 22. Nxd4 {[%clk 0:04:36]}  bxa5 {[%clk 0:14:30]} 23. Qc7 {[%clk 0:03:38]}  g6 {[%clk 0:08:16]} 24. Bh3 {[%clk 0:01:47]}  Nf8 {[%clk 0:08:34]} 25. Bd6 {[%clk 0:00:38]}  Qxc7 {[%clk 0:08:48]} 26. Bxc7 {[%clk 0:00:38]}  Ra8 {[%clk 0:08:37]} 27. Bxa5 {[%clk 0:00:44]}  Bc8 {[%clk 0:09:28]} 28. Nc6 {[%clk 0:00:35]}  Bxh3 {[%clk 0:08:24]} 29. gxh3 {[%clk 0:00:55]}  N8d7 {[%clk 0:03:55]} 30. Kg2 {[%clk 0:00:45]}  Kh7 {[%clk 0:04:05]} 31. Bc3 {[%clk 0:00:37]}  Rac8 {[%clk 0:04:17]} 32. Nb4 {[%clk 0:00:37]}  Ne4 {[%clk 0:03:55]} 33. Be1 {[%clk 0:00:34]}  Rxc1 {[%clk 0:03:03]} 34. Rxc1 {[%clk 0:00:59]}  Ndc5 {[%clk 0:02:24]} 35. Nxd5 {[%clk 0:00:39]}  Nd3 {[%clk 0:02:49]} 36. Rd1 {[%clk 0:00:41]}  Nxe1+ {[%clk 0:02:31]} 37. Rxe1 {[%clk 0:01:02]}  Rc8 {[%clk 0:01:05]} 38. Re2 {[%clk 0:00:34]}  Rc5 {[%clk 0:00:55]} 39. Nf4 {[%clk 0:00:33]}  Rb5 {[%clk 0:01:19]} 40. Rc2 {[%clk 0:00:33]}  Rxb3 {[%clk 0:01:28]} 41. Rc4 {[%clk 0:00:33]}  Nc3 {[%clk 0:24:02]} 42. Rc7 {[%clk 0:24:56]}  Kg8 {[%clk 0:19:12]} 43. Rc8+ {[%clk 0:24:26]}  Kg7 {[%clk 0:23:26]} 44. Rc7 {[%clk 0:23:05]}  Kg8 {[%clk 0:22:21]} 45. Rc8+ {[%clk 0:22:41]}  Kg7 {[%clk 0:22:56]} 46. Rc7 {[%clk 0:22:11]} 1/2-1/2

[Event "Masters Tournament (MTO)"]
[Site "Biel, CH"]
[Date "2025.07.16"]
[Round "3"]
[White "Schlegel, Igor"]
[Black "Poh, Yu Tian"]
[Result "0-1"]
[Board "7"]
[WhiteFideId "1334956"]
[BlackFideId "5734088"]
[WhiteTitle "FM"]
[BlackTitle "IM"]
[WhiteElo "2275"]
[BlackElo "2458"]
[WhiteTeam "SUI"]
[BlackTeam "MAS"]
[WhiteClock "0:18:42"]
[BlackClock "0:08:11"]
[Variant "Standard"]

1. e4 {[%clk 1:40:58]}  c5 {[%clk 1:40:50]} 2. Nf3 {[%clk 1:41:22]}  d6 {[%clk 1:41:15]} 3. d4 {[%clk 1:41:45]}  cxd4 {[%clk 1:41:40]} 4. Nxd4 {[%clk 1:42:09]}  Nf6 {[%clk 1:42:02]} 5. Nc3 {[%clk 1:42:33]}  a6 {[%clk 1:42:30]} 6. Rg1 {[%clk 1:42:53]}  e5 {[%clk 1:42:11]} 7. Nb3 {[%clk 1:42:21]}  h5 {[%clk 1:42:16]} 8. h3 {[%clk 1:43:38]}  Be6 {[%clk 1:41:54]} 9. Be3 {[%clk 1:43:57]}  Nbd7 {[%clk 1:40:40]} 10. Qd2 {[%clk 1:44:02]}  b5 {[%clk 1:39:49]} 11. O-O-O {[%clk 1:42:25]}  Be7 {[%clk 1:38:14]} 12. f4 {[%clk 1:40:43]}  Qc7 {[%clk 1:38:26]} 13. Kb1 {[%clk 1:40:48]}  Rc8 {[%clk 1:33:55]} 14. f5 {[%clk 1:34:07]}  Bc4 {[%clk 1:34:06]} 15. g4 {[%clk 1:34:30]}  Bxf1 {[%clk 1:32:03]} 16. Rdxf1 {[%clk 1:34:21]}  hxg4 {[%clk 1:29:41]} 17. hxg4 {[%clk 1:34:41]}  Qc4 {[%clk 1:16:18]} 18. g5 {[%clk 1:25:10]}  Nxe4 {[%clk 1:12:00]} 19. Nxe4 {[%clk 1:16:15]}  Qxe4 {[%clk 1:12:16]} 20. f6 {[%clk 1:13:04]}  gxf6 {[%clk 1:04:34]} 21. gxf6 {[%clk 0:47:09]}  Bxf6 {[%clk 0:51:22]} 22. Bh6 {[%clk 0:30:50]}  Rxc2 {[%clk 0:33:42]} 23. Qxc2 {[%clk 0:30:56]}  Qxc2+ {[%clk 0:34:10]} 24. Kxc2 {[%clk 0:31:13]}  Rxh6 {[%clk 0:34:37]} 25. Rg8+ {[%clk 0:26:39]}  Ke7 {[%clk 0:30:47]} 26. Rf2 {[%clk 0:26:02]}  Rh8 {[%clk 0:26:12]} 27. Rxh8 {[%clk 0:23:09]}  Bxh8 {[%clk 0:26:28]} 28. Na5 {[%clk 0:23:36]}  Bf6 {[%clk 0:24:36]} 29. Nc6+ {[%clk 0:23:10]}  Ke6 {[%clk 0:24:48]} 30. Nb4 {[%clk 0:23:34]}  Nc5 {[%clk 0:20:57]} 31. Rf3 {[%clk 0:21:46]}  a5 {[%clk 0:18:12]} 32. Nd5 {[%clk 0:22:47]}  Bd8 {[%clk 0:17:46]} 33. Ne3 {[%clk 0:23:05]}  e4 {[%clk 0:17:12]} 34. Rf5 {[%clk 0:22:18]}  Bf6 {[%clk 0:16:06]} 35. Rh5 {[%clk 0:21:56]}  Be5 {[%clk 0:14:54]} 36. Rh6+ {[%clk 0:19:46]}  f6 {[%clk 0:13:56]} 37. Rh8 {[%clk 0:20:01]}  Bf4 {[%clk 0:12:20]} 38. Kd2 {[%clk 0:18:50]}  d5 {[%clk 0:11:31]} 39. Rd8 {[%clk 0:18:02]}  f5 {[%clk 0:09:26]} 40. Ke2 {[%clk 0:18:17]}  Bxe3 {[%clk 0:08:22]} 41. Kxe3 {[%clk 0:18:42]}  Ke5 {[%clk 0:08:11]} 0-1

[Event "Masters Tournament (MTO)"]
[Site "Biel, CH"]
[Date "2025.07.16"]
[Round "3"]
[White "Baenziger, Fabian"]
[Black "Vemparala, Nikash"]
[Result "1-0"]
[Board "11"]
[WhiteFideId "1330110"]
[BlackFideId "30960967"]
[WhiteTitle "IM"]
[BlackTitle "CM"]
[WhiteElo "2450"]
[BlackElo "2187"]
[WhiteTeam "SUI"]
[BlackTeam "USA"]
[WhiteClock "0:07:17"]
[BlackClock "0:08:34"]
[Variant "Standard"]

1. d4 {[%clk 1:40:54]}  d5 {[%clk 1:40:41]} 2. c4 {[%clk 1:41:09]}  e6 {[%clk 1:41:08]} 3. Nc3 {[%clk 1:41:05]}  h6 {[%clk 1:41:31]} 4. cxd5 {[%clk 1:40:50]}  exd5 {[%clk 1:41:52]} 5. Bf4 {[%clk 1:40:47]}  Nf6 {[%clk 1:42:02]} 6. e3 {[%clk 1:40:33]}  Bd6 {[%clk 1:42:11]} 7. Bxd6 {[%clk 1:40:33]}  Qxd6 {[%clk 1:41:58]} 8. Bd3 {[%clk 1:39:18]}  c6 {[%clk 1:41:36]} 9. Nge2 {[%clk 1:40:19]}  O-O {[%clk 1:41:09]} 10. Qd2 {[%clk 1:39:57]}  Re8 {[%clk 1:40:26]} 11. f3 {[%clk 1:39:41]}  Qe7 {[%clk 1:34:55]} 12. Kf2 {[%clk 1:39:45]}  Nbd7 {[%clk 1:34:09]} 13. g4 {[%clk 1:32:35]}  Nf8 {[%clk 1:27:56]} 14. Rag1 {[%clk 1:35:53]}  Ng6 {[%clk 1:16:46]} 15. Bc2 {[%clk 1:25:02]}  Nh7 {[%clk 1:05:45]} 16. Qd3 {[%clk 1:17:29]}  Qh4+ {[%clk 1:02:08]} 17. Rg3 {[%clk 1:16:21]}  Ng5 {[%clk 0:55:15]} 18. Kg2 {[%clk 1:04:39]}  h5 {[%clk 0:50:28]} 19. h3 {[%clk 1:01:59]}  Bd7 {[%clk 0:43:22]} 20. Qd2 {[%clk 0:51:11]}  Rf8 {[%clk 0:32:10]} 21. f4 {[%clk 0:41:54]}  Ne4 {[%clk 0:29:05]} 22. Nxe4 {[%clk 0:37:49]}  dxe4 {[%clk 0:29:23]} 23. f5 {[%clk 0:37:57]}  Qe7 {[%clk 0:29:07]} 24. Kf2 {[%clk 0:29:27]}  Nh4 {[%clk 0:27:40]} 25. Nf4 {[%clk 0:29:53]}  Nf3 {[%clk 0:27:49]} 26. Rxf3 {[%clk 0:30:03]}  exf3 {[%clk 0:28:04]} 27. Nxh5 {[%clk 0:29:45]}  Qh4+ {[%clk 0:24:58]} 28. Ng3 {[%clk 0:27:12]}  Rad8 {[%clk 0:24:08]} 29. Kxf3 {[%clk 0:24:27]}  c5 {[%clk 0:22:18]} 30. d5 {[%clk 0:24:13]}  Rfe8 {[%clk 0:22:10]} 31. Qc3 {[%clk 0:19:39]}  Qe7 {[%clk 0:15:14]} 32. Nh5 {[%clk 0:17:43]}  Qe5 {[%clk 0:15:11]} 33. Qxe5 {[%clk 0:18:07]}  Rxe5 {[%clk 0:15:36]} 34. e4 {[%clk 0:18:32]}  b5 {[%clk 0:14:53]} 35. Kf4 {[%clk 0:16:21]}  Ree8 {[%clk 0:13:47]} 36. f6 {[%clk 0:11:40]}  g6 {[%clk 0:11:48]} 37. Ng7 {[%clk 0:12:06]}  Rf8 {[%clk 0:11:44]} 38. e5 {[%clk 0:12:10]}  Bc8 {[%clk 0:11:47]} 39. d6 {[%clk 0:11:51]}  Bb7 {[%clk 0:11:51]} 40. Rh2 {[%clk 0:11:38]}  Bd5 {[%clk 0:12:15]} 41. h4 {[%clk 0:07:03]}  Bxa2 {[%clk 0:09:07]} 42. g5 {[%clk 0:07:15]}  c4 {[%clk 0:08:17]} 43. h5 {[%clk 0:07:12]}  gxh5 {[%clk 0:08:20]} 44. Rxh5 {[%clk 0:07:33]}  b4 {[%clk 0:08:34]} 45. Bh7+ {[%clk 0:07:17]} 1-0